[Event "Kaltern Trophy-B 2nd"]
[Site "Kaltern"]
[Date "2017.10.29"]
[Round "4"]
[White "Pfeifhofer, Helmut"]
[Black "Sigmund, Ingenuin"]
[Result "0-1"]
[WhiteElo "1600"]
[BlackElo "1702"]
[PlyCount "68"]
[EventDate "2017.10.27"]
[EventType "swiss"]
[EventRounds "5"]
[EventCountry "ITA"]
[SourceTitle "CBM 181 Extra"]
[Source "ChessBase"]
[SourceDate "2017.12.12"]
[SourceVersion "1"]
[SourceVersionDate "2017.12.12"]
[SourceQuality "1"]

1. e4 e6 2. d4 d5 3. exd5 exd5 4. Bd3 Nf6 5. Nf3 Bg4 6. h3 Bh5 7. 0-0 Be7 8. Bf4 0-0 9. g4 Bg6 10. Ne5 Bxd3 11. Nxd3 Ne4 12. f3 Ng5 13. Kg2 Ne6 14. c3 Nxf4+ 15. Nxf4 Qd6 16. Nd3 Nd7 17. Qd2 f5 18. Re1 fxg4 19. f4 gxh3+ 20. Kxh3 Rf5 21. Qe2 Qh6+ 22. Kg2 Qg6+ 23. Kf1 Bd6 24. Qe6+ Qxe6 25. Rxe6 Bxf4 26. Na3 Kf7 27. Re2 Bd6+ 28. Kg2 c6 29. Rae1 Nf6 30. Nc2 Ne4 31. Ne3 Rg5+ 32. Kh3 Rg3+ 33. Kh4 g5+ 34. Kh5 Nf6+ 0-1

[Event "Kaltern Trophy-B 2nd"]
[Site "Kaltern"]
[Date "2017.10.28"]
[Round "3"]
[White "Sigmund, Ingenuin"]
[Black "Dallaglio, Giovanni"]
[Result "0-1"]
[WhiteElo "1702"]
[BlackElo "1836"]
[PlyCount "64"]
[EventDate "2017.10.27"]
[EventType "swiss"]
[EventRounds "5"]
[EventCountry "ITA"]
[SourceTitle "CBM 181 Extra"]
[Source "ChessBase"]
[SourceDate "2017.12.12"]
[SourceVersion "1"]
[SourceVersionDate "2017.12.12"]
[SourceQuality "1"]

1. e4 d5 2. e5 e6 3. d4 b6 4. Bd3 Ba6 5. Nf3 Bxd3 6. Qxd3 c5 7. c3 Nc6 8. 0-0 h5 9. a4 Nge7 10. Bg5 Qd7 11. Na3 Nf5 12. Nc2 Be7 13. h3 Bxg5 14. Nxg5 cxd4 15. cxd4 h4 16. b4 Rc8 17. Kh2 Qe7 18. Nf3 0-0 19. Rab1 Rc7 20. g4 hxg3+ 21. fxg3 Rfc8 22. Rf2 a5 23. b5 Nb4 24. Nxb4 axb4 25. g4 Nh4 26. Rb3 Rc3 27. Rxc3 Rxc3 28. Qf1 b3 29. Nxh4 Qxh4 30. Rf3 Rc2+ 31. Kg1 b2 32. Rxf7 Qg3+ 0-1

[Event "Arco op 37th"]
[Site "Arco"]
[Date "2015.10.12"]
[Round "3"]
[White "De Vita, Gianni"]
[Black "Sigmund, Ingenuin"]
[Result "1-0"]
[WhiteElo "2018"]
[BlackElo "1814"]
[PlyCount "61"]
[EventDate "2015.10.10"]
[EventType "swiss"]
[EventRounds "9"]
[EventCountry "ITA"]
[SourceTitle "CBM 168 Extra"]
[Source "ChessBase"]
[SourceDate "2015.10.29"]
[SourceVersion "1"]
[SourceVersionDate "2015.10.29"]
[SourceQuality "1"]

1. e4 e6 2. d4 d5 3. exd5 exd5 4. Nf3 Bd6 5. Bd3 h6 6. 0-0 Nf6 7. Re1+ Be6 8. Bf5 0-0 9. Bxe6 fxe6 10. Rxe6 Qd7 11. Re1 Na6 12. Nc3 c6 13. Ne5 Qf5 14. g4 Qh7 15. Bf4 Nb4 16. Rc1 Ne4 17. Nxe4 dxe4 18. Bg3 Nxa2 19. Ra1 Nb4 20. Qd2 e3 21. Qxe3 Nxc2 22. Qb3+ Kh8 23. Nf7+ Rxf7 24. Qxf7 Bf8 25. Rxa7 Rxa7 26. Re8 Qd3 27. Rxf8+ Kh7 28. Qg8+ Kg6 29. h4 b5 30. Qe6+ Kh7 31. h5 1-0

[Event "Arco op 37th"]
[Site "Arco"]
[Date "2015.10.10"]
[Round "1"]
[White "Paleologu, Vladimir"]
[Black "Sigmund, Ingenuin"]
[Result "1-0"]
[WhiteElo "2147"]
[BlackElo "1814"]
[PlyCount "77"]
[EventDate "2015.10.10"]
[EventType "swiss"]
[EventRounds "9"]
[EventCountry "ITA"]
[SourceTitle "CBM 168 Extra"]
[Source "ChessBase"]
[SourceDate "2015.10.29"]
[SourceVersion "1"]
[SourceVersionDate "2015.10.29"]
[SourceQuality "1"]

1. e4 e6 2. d4 d5 3. exd5 exd5 4. Bf4 Bd6 5. Qd2 Nf6 6. Nc3 c6 7. 0-0-0 0-0 8. f3 b5 9. Re1 Bxf4 10. Qxf4 Qa5 11. a3 Ba6 12. Qd6 Nbd7 13. Qb4 Qc7 14. Nh3 Bb7 15. Nb1 a5 16. Qd2 Qb6 17. g4 Rfe8 18. Be2 Nf8 19. g5 N6d7 20. f4 c5 21. Bf3 cxd4 22. Rd1 Re3 23. Qg2 Qc5 24. Nf2 Rc8 25. Rd2 b4 26. Ng4 b3 27. Nxe3 dxe3 28. Rd3 bxc2 29. Nc3 Ne6 30. Qg3 Nd4 31. Re1 Nf5 32. Qh3 g6 33. Bxd5 Bxd5 34. Rxd5 Qc7 35. Rxf5 gxf5 36. Qxf5 Re8 37. Nd5 Qd6 38. Qxd7 Re6 39. Qxd6 1-0

[Event "Ortisei Server24 op-B 2nd"]
[Site "Ortisei"]
[Date "2013.06.02"]
[Round "2"]
[White "Sigmund, Ingenuin"]
[Black "Zanin, Dario"]
[Result "1/2-1/2"]
[WhiteElo "1796"]
[BlackElo "1942"]
[PlyCount "87"]
[EventDate "2013.06.01"]
[EventType "swiss"]
[EventRounds "9"]
[EventCountry "ITA"]
[SourceTitle "EXT 2024"]
[Source "ChessBase"]
[SourceDate "2023.10.10"]
[SourceVersion "1"]
[SourceVersionDate "2023.10.10"]
[SourceQuality "1"]

1. e4 e5 2. Nf3 Nc6 3. c3 Nf6 4. Qe2 d5 5. exd5 Qxd5 6. Qc4 Be6 7. Qxd5 Bxd5 8. d3 Bxf3 9. gxf3 0-0-0 10. Nd2 h6 11. Ne4 Nd7 12. Bh3 Kb8 13. Be3 g6 14. Bxd7 Rxd7 15. Ke2 Be7 16. Rad1 f5 17. Nc5 Rd5 18. b4 f4 19. c4 Rd6 20. b5 Nd8 21. Bc1 Ne6 22. Nxe6 Rxe6 23. Kd2 Bc5 24. Ke2 Bd4 25. h4 Rg8 26. Bd2 a6 27. a4 axb5 28. axb5 b6 29. Rb1 Kb7 30. Rhe1 Ra8 31. Kf1 Ra2 32. Re2 g5 33. Bc1 Rxe2 34. Kxe2 gxh4 35. Ba3 Rg6 36. Be7 Rg2 37. Rf1 h3 38. Bh4 Kc8 39. Rh1 h2 40. Kf1 Rg6 41. Rxh2 c6 42. bxc6 Rxc6 43. Be7 Bc5 44. Bxc5 1/2-1/2

[Event "Arco op 34th"]
[Site "Arco"]
[Date "2012.10.18"]
[Round "6"]
[White "Galas, Franco"]
[Black "Sigmund, Ingenuin"]
[Result "0-1"]
[WhiteElo "1735"]
[BlackElo "1776"]
[PlyCount "134"]
[EventDate "2012.10.13"]
[EventType "swiss"]
[EventRounds "9"]
[EventCountry "ITA"]
[SourceTitle "EXT 2013"]
[Source "ChessBase"]
[SourceDate "2012.11.22"]
[SourceVersion "1"]
[SourceVersionDate "2012.11.22"]
[SourceQuality "1"]

1. d4 Nf6 2. Nf3 e6 3. e3 b6 4. c3 Bb7 5. Nbd2 Be7 6. Bd3 0-0 7. Qc2 h6 8. Ne4 Ne8 9. Bd2 d5 10. Ng3 c5 11. Ne5 Nd7 12. Nxd7 Qxd7 13. 0-0 Rc8 14. a3 f5 15. f4 g6 16. b4 Bf6 17. Qd1 Kf7 18. Nh1 Ng7 19. Be2 Rh8 20. Rf2 Ke7 21. b5 g5 22. Ng3 g4 23. a4 h5 24. Rf1 h4 25. Nh1 Ne8 26. Rc1 c4 27. Ra1 Nd6 28. Qc2 Ne4 29. Be1 Ra8 30. Qb2 Qc7 31. Qb4+ Kf7 32. g3 a6 33. bxa6 Rxa6 34. Rb1 Bc6 35. Bd1 Rha8 36. gxh4 Bd8 37. Ra1 b5 38. Ng3 Nd6 39. Rf2 bxa4 40. Rfa2 Rb6 41. Qa3 Be7 42. Qc1 Rba6 43. h5 Nb7 44. Qd2 a3 45. Qg2 Na5 46. h3 gxh3 47. Qxh3 Nb3 48. Rb1 Rb6 49. h6 Kg8 50. Nh5 Kh8 51. h7 Be8 52. Ng7 Bg6 53. Bh5 Bxh5 54. Qxh5 Bf6 55. Ne8 Qe7 56. Nxf6 Qxf6 57. Bh4 Qf8 58. Kh2 Rb7 59. Rg1 Rxh7 60. Qg5 Qh6 61. Kh3 Qxg5 62. fxg5 Kg7 63. Rgg2 Kg6 64. Rh2 Nc1 65. Ra1 a2 66. Kg3 Rb7 67. Rh1 Nb3 0-1

[Event "Arco op 34th"]
[Site "Arco"]
[Date "2012.10.13"]
[Round "1"]
[White "Sigmund, Ingenuin"]
[Black "Bernardi, Ruben"]
[Result "1/2-1/2"]
[WhiteElo "1776"]
[BlackElo "2114"]
[PlyCount "83"]
[EventDate "2012.10.13"]
[EventType "swiss"]
[EventRounds "9"]
[EventCountry "ITA"]
[SourceTitle "EXT 2013"]
[Source "ChessBase"]
[SourceDate "2012.11.22"]
[SourceVersion "1"]
[SourceVersionDate "2012.11.22"]
[SourceQuality "1"]

1. e4 c5 2. Nc3 Nc6 3. g3 g6 4. Bg2 Bg7 5. Nh3 e6 6. d3 Nge7 7. f4 Nd4 8. Ne2 d5 9. c3 Ndc6 10. 0-0 0-0 11. Qc2 b6 12. g4 f5 13. gxf5 dxe4 14. dxe4 exf5 15. Ng5 fxe4 16. Bxe4 Qe8 17. Qb3+ Kh8 18. Ne6 Na5 19. Nxg7 Nxb3 20. Nxe8 Nxa1 21. Bxa8 Rxe8 22. Ng3 Ba6 23. Re1 Nc2 24. Re5 Rxa8 25. Rxe7 Rd8 26. Kf2 Rd1 27. Rxa7 Bc4 28. Be3 Rd3 29. Bc1 Rd1 30. Be3 h5 31. h4 Kg8 32. a4 Nxe3 33. Kxe3 Rd3+ 34. Kf2 Rd2+ 35. Ke3 Rxb2 36. f5 Rc2 37. Kf4 Rf2+ 38. Ke3 Rg2 39. Kf4 gxf5 40. Nxf5 Bb3 41. a5 bxa5 42. Rxa5 1/2-1/2

[Event "Arco op 33rd"]
[Site "Arco"]
[Date "2011.10.25"]
[Round "4"]
[White "Sigmund, Ingenuin"]
[Black "Marshall, Michael"]
[Result "1-0"]
[WhiteElo "1788"]
[BlackElo "1894"]
[PlyCount "71"]
[EventDate "2011.10.22"]
[EventType "swiss"]
[EventRounds "9"]
[EventCountry "ITA"]
[SourceTitle "EXT 2012"]
[Source "ChessBase"]
[SourceDate "2011.11.24"]
[SourceVersion "1"]
[SourceVersionDate "2011.11.24"]
[SourceQuality "1"]

1. e4 c5 2. Nf3 e6 3. Bb5 a6 4. Be2 Nc6 5. c3 Nf6 6. e5 Nd5 7. 0-0 d6 8. d4 cxd4 9. c4 Nb6 10. Bf4 d5 11. Nxd4 Nxd4 12. Qxd4 Nxc4 13. Bxc4 dxc4 14. Qxc4 Be7 15. Nc3 0-0 16. Rfd1 Qb6 17. Qe2 Qb4 18. Be3 Qa5 19. Bf4 Rd8 20. Rxd8+ Qxd8 21. Rd1 Bd7 22. Rd3 Qc7 23. Qh5 g6 24. Qh6 Bf8 25. Qh4 Qc4 26. Rxd7 Qc6 27. Rd8 Rxd8 28. Qxd8 Qc5 29. Bh6 Qb4 30. Qxf8+ Qxf8 31. Bxf8 Kxf8 32. f4 Ke7 33. Kf2 h5 34. Ke3 Kd7 35. Kd4 Kc6 36. Ne4 1-0

[Event "Arco op 33rd"]
[Site "Arco"]
[Date "2011.10.24"]
[Round "3"]
[White "Casagrande, Fabio"]
[Black "Sigmund, Ingenuin"]
[Result "1-0"]
[WhiteElo "1991"]
[BlackElo "1788"]
[PlyCount "39"]
[EventDate "2011.10.22"]
[EventType "swiss"]
[EventRounds "9"]
[EventCountry "ITA"]
[SourceTitle "EXT 2012"]
[Source "ChessBase"]
[SourceDate "2011.11.24"]
[SourceVersion "1"]
[SourceVersionDate "2011.11.24"]
[SourceQuality "1"]

1. e4 e6 2. d4 d5 3. Nc3 Bb4 4. e5 c5 5. Bd2 a6 6. a3 cxd4 7. axb4 dxc3 8. Bxc3 b6 9. Qg4 g6 10. Nf3 Nh6 11. Qf4 Nf5 12. g4 Ne7 13. Ng5 0-0 14. 0-0-0 h6 15. Ne4 g5 16. Nf6+ Kh8 17. Qf3 Bb7 18. h4 gxh4 19. Rxh4 Ng8 20. Qf4 1-0

[Event "Arco op 33rd"]
[Site "Arco"]
[Date "2011.10.23"]
[Round "2"]
[White "Sigmund, Ingenuin"]
[Black "Bisignano, Giuseppe"]
[Result "1-0"]
[WhiteElo "1788"]
[BlackElo "1908"]
[PlyCount "63"]
[EventDate "2011.10.22"]
[EventType "swiss"]
[EventRounds "9"]
[EventCountry "ITA"]
[SourceTitle "EXT 2012"]
[Source "ChessBase"]
[SourceDate "2011.11.24"]
[SourceVersion "1"]
[SourceVersionDate "2011.11.24"]
[SourceQuality "1"]

1. e4 e5 2. Nf3 Nc6 3. d4 exd4 4. Bc4 Bc5 5. c3 dxc3 6. Bxf7+ Kxf7 7. Qd5+ Kf8 8. Qxc5+ d6 9. Qxc3 Qf6 10. Be3 Qxc3+ 11. Nxc3 Nf6 12. 0-0 Bg4 13. Nd4 Bd7 14. Nxc6 Bxc6 15. f3 Kf7 16. b4 Rhe8 17. b5 Bd7 18. Bd4 c6 19. a4 a6 20. Rfb1 axb5 21. axb5 Ke7 22. g4 g5 23. Kf2 h5 24. h3 hxg4 25. hxg4 Be6 26. bxc6 bxc6 27. Rb7+ Nd7 28. Raa7 Rxa7 29. Rxa7 Rb8 30. Be3 Kf6 31. Ne2 Rb2 32. Bd4+ 1-0

[Event "Arco op 33rd"]
[Site "Arco"]
[Date "2011.10.22"]
[Round "1"]
[White "Kierzek, Mira"]
[Black "Sigmund, Ingenuin"]
[Result "1-0"]
[WhiteElo "2023"]
[BlackElo "1788"]
[PlyCount "117"]
[EventDate "2011.10.22"]
[EventType "swiss"]
[EventRounds "9"]
[EventCountry "ITA"]
[SourceTitle "EXT 2012"]
[Source "ChessBase"]
[SourceDate "2011.11.24"]
[SourceVersion "1"]
[SourceVersionDate "2011.11.24"]
[SourceQuality "1"]

1. c4 Nf6 2. Nf3 g6 3. Nc3 Bg7 4. g3 0-0 5. Bg2 c6 6. e4 d6 7. 0-0 Bg4 8. h3 Bxf3 9. Bxf3 e5 10. d3 Na6 11. Be3 Nc7 12. Qb3 Qc8 13. Kh2 Ne6 14. Bg2 Nd7 15. Ne2 Kh8 16. f4 exf4 17. Nxf4 Ndc5 18. Qc2 Nd4 19. Qd2 Qd7 20. Rad1 Rae8 21. Ne2 Nce6 22. Nc3 b5 23. cxb5 Nxb5 24. Rc1 Nbd4 25. b3 f5 26. Bh6 Nc5 27. Bxg7+ Kxg7 28. exf5 Nxf5 29. Ne4 Qe7 30. Nxc5 dxc5 31. Bxc6 Rd8 32. Qc3+ Rf6 33. Be4 Qd6 34. Bxf5 gxf5 35. Rxf5 Kg6 36. Rxf6+ Qxf6 37. Qxf6+ Kxf6 38. Rxc5 Rxd3 39. Rc2 h5 40. h4 Kf5 41. Kh3 Rd7 42. Rc6 Ke4 43. Rc5 Rh7 44. b4 Rh6 45. a4 a6 46. b5 axb5 47. axb5 Kf3 48. Rc6 Rh8 49. b6 Rd8 50. Rf6+ Ke4 51. b7 Kd5 52. Rb6 Rb8 53. Rb5+ Kd6 54. Rxh5 Rxb7 55. Rf5 Ke6 56. Rf3 Ke5 57. h5 Ke4 58. Rf1 Ke5 59. Kh4 1-0

[Event "Arco op 32nd"]
[Site "Arco"]
[Date "2010.10.24"]
[Round "9"]
[White "Sigmund, Ingenuin"]
[Black "Roessner, Uwe"]
[Result "1-0"]
[WhiteElo "1801"]
[BlackElo "1902"]
[PlyCount "111"]
[EventDate "2010.10.16"]
[EventType "swiss"]
[EventRounds "9"]
[EventCountry "ITA"]
[SourceTitle "EXT 2024"]
[Source "ChessBase"]
[SourceDate "2023.10.10"]
[SourceVersion "1"]
[SourceVersionDate "2023.10.10"]
[SourceQuality "1"]

1. e4 d6 2. d4 Nf6 3. Bd3 e5 4. c3 Be7 5. Nf3 Nbd7 6. 0-0 0-0 7. Nbd2 c6 8. Nc4 Qc7 9. Ne3 Re8 10. Qc2 b5 11. a4 Bb7 12. Nd2 a6 13. b3 Nh5 14. g3 Nhf6 15. Bb2 Nb6 16. c4 bxa4 17. bxa4 exd4 18. Bxd4 c5 19. Bc3 Nbd7 20. Nd5 Nxd5 21. exd5 h6 22. Ne4 Bc8 23. f4 Qd8 24. Rae1 Kf8 25. Qd1 Nf6 26. Bc2 Bf5 27. Nxf6 Bxc2 28. Qxc2 Bxf6 29. Qh7 g6 30. Rxe8+ Qxe8 31. Bxf6 Qe3+ 32. Rf2 Qe1+ 33. Kg2 Qe4+ 34. Kh3 Qf5+ 35. Kg2 Qxf6 36. Qxh6+ Qg7 37. Qh3 Re8 38. f5 Qe5 39. fxg6 Qe4+ 40. Kg1 Qxg6 41. Qh8+ Qg8 42. Qf6 Re1+ 43. Kg2 Qh7 44. Qxd6+ Kg8 45. Qd8+ Kg7 46. Qf6+ Kf8 47. Qf3 Re4 48. Qd3 Qg6 49. d6 Kg7 50. Rd2 Qe6 51. Qd5 Re2+ 52. Rxe2 Qxe2+ 53. Kh3 Qf1+ 54. Kh4 f6 55. d7 Qc1 56. d8Q 1-0

[Event "Arco op 32nd"]
[Site "Arco"]
[Date "2010.10.17"]
[Round "2"]
[White "Savoia, Serge"]
[Black "Sigmund, Ingenuin"]
[Result "1-0"]
[WhiteElo "1909"]
[BlackElo "1801"]
[PlyCount "89"]
[EventDate "2010.10.16"]
[EventType "swiss"]
[EventRounds "9"]
[EventCountry "ITA"]
[SourceTitle "EXT 2024"]
[Source "ChessBase"]
[SourceDate "2023.10.10"]
[SourceVersion "1"]
[SourceVersionDate "2023.10.10"]
[SourceQuality "1"]

1. e4 e6 2. d4 d5 3. Nd2 b6 4. Ngf3 Nf6 5. Bb5+ c6 6. Bd3 Ba6 7. Bxa6 Nxa6 8. Qe2 Nc7 9. c3 Be7 10. Ne5 c5 11. Nc6 Qd7 12. Nxe7 Qxe7 13. 0-0 0-0 14. e5 Nd7 15. f4 f5 16. Nf3 c4 17. a4 Rfc8 18. b3 b5 19. Ba3 Qe8 20. bxc4 dxc4 21. axb5 Nxb5 22. Bb4 Nb6 23. Nd2 a6 24. g4 g6 25. gxf5 gxf5 26. Rf3 Qc6 27. Rg3+ Kh8 28. Be7 Nd7 29. Kf2 Rg8 30. Rc1 Rxg3 31. hxg3 Re8 32. Bf6+ Nxf6 33. exf6 Qd5 34. Qh5 Rf8 35. Qh6 Rf7 36. Nf3 Qd8 37. Ne5 Qxf6 38. Nxf7+ Qxf7 39. Rh1 Qg7 40. Qxe6 Nxc3 41. Qc8+ Qg8 42. Qxf5 Qa8 43. Rh6 Nd1+ 44. Kg1 Qg8 45. Qe5+ 1-0

[Event "Arco op 31st"]
[Site "Arco"]
[Date "2009.10.24"]
[Round "9"]
[White "Bottesi, Gianluca"]
[Black "Sigmund, Ingenuin"]
[Result "0-1"]
[WhiteElo "1559"]
[BlackElo "1825"]
[PlyCount "68"]
[EventDate "2009.10.17"]
[EventType "swiss"]
[EventRounds "9"]
[EventCountry "ITA"]
[SourceTitle "EXT 2010"]
[Source "ChessBase"]
[SourceDate "2010.11.25"]
[SourceVersion "1"]
[SourceVersionDate "2010.11.25"]
[SourceQuality "1"]

1. d4 Nf6 2. Nf3 e6 3. g3 d5 4. Bg2 c5 5. 0-0 Nbd7 6. c3 Bd6 7. Nbd2 0-0 8. Re1 Rb8 9. e4 dxe4 10. Nxe4 Nxe4 11. Rxe4 Qb6 12. Bh6 gxh6 13. Rg4+ Kh8 14. Qd2 Rg8 15. Rxg8+ Kxg8 16. Qxh6 Bf8 17. Qg5+ Bg7 18. Qe7 h6 19. Bh3 Bf6 20. Qe8+ Kg7 21. Bg4 Qd8 22. Qxd8 Bxd8 23. d5 Nf6 24. Bh3 exd5 25. Bxc8 Rxc8 26. Rd1 b5 27. Nh4 Rc6 28. Nf5+ Kg6 29. Ne3 Rd6 30. c4 bxc4 31. Nxc4 Re6 32. f4 Re2 33. Ne5+ Kg7 34. Nc6 Bb6 0-1

[Event "Arco op 31st"]
[Site "Arco"]
[Date "2009.10.23"]
[Round "7"]
[White "Grom, Waldemar"]
[Black "Sigmund, Ingenuin"]
[Result "1-0"]
[WhiteElo "1957"]
[BlackElo "1825"]
[PlyCount "57"]
[EventDate "2009.10.17"]
[EventType "swiss"]
[EventRounds "9"]
[EventCountry "ITA"]
[SourceTitle "EXT 2010"]
[Source "ChessBase"]
[SourceDate "2010.11.25"]
[SourceVersion "1"]
[SourceVersionDate "2010.11.25"]
[SourceQuality "1"]

1. c4 Nf6 2. Nc3 e5 3. g3 c6 4. Bg2 Bc5 5. e3 d5 6. cxd5 cxd5 7. Nge2 0-0 8. d4 exd4 9. Nxd4 a6 10. Nb3 Bb4 11. Bd2 Nc6 12. a3 Bxc3 13. Bxc3 Ne4 14. Rc1 Be6 15. 0-0 Qe7 16. Nd4 Nxc3 17. Rxc3 Rfc8 18. b4 Ne5 19. Rxc8+ Rxc8 20. Qa1 Nc4 21. Rd1 Rd8 22. Re1 Qd7 23. Qc3 b5 24. e4 g6 25. h4 dxe4 26. Nxe6 Qxe6 27. Rxe4 Qd6 28. Kh2 Qd3 29. Re8+ 1-0

[Event "Amantea op-B 7th"]
[Site "Amantea"]
[Date "2009.09.04"]
[Round "5"]
[White "Russi, Roberto"]
[Black "Sigmund, Ingenuin"]
[Result "1-0"]
[WhiteElo "1898"]
[BlackElo "1825"]
[PlyCount "111"]
[EventDate "2009.08.31"]
[EventType "swiss"]
[EventRounds "8"]
[EventCountry "ITA"]
[SourceTitle "CBM 132 Extra"]
[Source "ChessBase"]
[SourceDate "2009.11.03"]
[SourceVersion "1"]
[SourceVersionDate "2009.11.03"]
[SourceQuality "1"]

1. c4 Nf6 2. Nc3 e6 3. e4 d6 4. Nf3 Be7 5. d4 Nc6 6. Bd3 e5 7. d5 Nb8 8. b4 0-0 9. h3 c6 10. Be3 cxd5 11. cxd5 b6 12. Qa4 Bb7 13. Qb3 g6 14. Rc1 a6 15. 0-0 Nbd7 16. Nd2 Nh5 17. Qd1 Bg5 18. Nc4 Bxe3 19. fxe3 Qe7 20. Qf3 Ng7 21. g4 Kh8 22. Rc2 Rac8 23. Qe2 b5 24. Na5 Ba8 25. a4 f5 26. axb5 axb5 27. Nxb5 fxe4 28. Rxf8+ Rxf8 29. Bxe4 Ne8 30. Nc7 Nc5 31. bxc5 Nxc7 32. c6 Rb8 33. Rb2 Rf8 34. Nb7 Qh4 35. Kg2 Qe7 36. Rb1 Rb8 37. Qd3 Ne8 38. Na5 Rd8 39. Kg3 Nf6 40. Bg2 e4 41. Qd4 Kg8 42. Nc4 h5 43. c7 h4+ 44. Kh2 Nxg4+ 45. hxg4 Qxc7 46. Bxe4 Qf7 47. Bg2 Qf2 48. Qf4 Qc2 49. Rb2 Qd3 50. Rd2 Qc3 51. Rf2 Qg7 52. Nxd6 Rf8 53. Qxf8+ Qxf8 54. Rxf8+ Kxf8 55. g5 Ke7 56. Nc4 1-0

[Event "Imperia op-C 43rd"]
[Site "Imperia"]
[Date "2001.09.09"]
[Round "8"]
[White "Sigmund, Ingenuin"]
[Black "Baracchi, Filippo"]
[Result "1-0"]
[WhiteElo "1684"]
[BlackElo "1627"]
[PlyCount "33"]
[EventDate "2001.09.02"]
[EventType "swiss"]
[EventRounds "8"]
[EventCountry "ITA"]
[SourceTitle "EXT 2024"]
[Source "ChessBase"]
[SourceDate "2023.10.10"]
[SourceVersion "1"]
[SourceVersionDate "2023.10.10"]
[SourceQuality "1"]

1. e4 b6 2. d4 Bb7 3. Bd3 Nf6 4. Qe2 e6 5. Bg5 Be7 6. f4 c5 7. Nf3 0-0 8. Nbd2 Nc6 9. dxc5 bxc5 10. c3 d6 11. 0-0 Qb6 12. Nc4 Qc7 13. e5 Ne8 14. Bxe7 Nxe7 15. Bxh7+ Kh8 16. Ng5 Qc6 17. Be4 1-0